[Event "GER-chT U12"]
[Site "Magdeburg"]
[Date "2019.12.27"]
[Round "2.6"]
[White "Bock, Leonas"]
[Black "Neuwirth, Mark"]
[Result "0-1"]
[WhiteElo "1226"]
[BlackElo "1314"]
[PlyCount "64"]
[EventDate "2019.12.27"]
[EventType "team-swiss"]
[EventRounds "7"]
[EventCountry "GER"]
[SourceTitle "CBM 194 Extra"]
[Source "ChessBase"]
[SourceDate "2020.03.31"]
[SourceVersion "1"]
[SourceVersionDate "2020.03.31"]
[SourceQuality "1"]
[WhiteTeam "Weimar"]
[BlackTeam "Wolfratshausen"]
[WhiteTeamCountry "GER"]
[BlackTeamCountry "GER"]

1. d4 Nf6 2. Nf3 e6 3. e3 b6 4. Bd3 Bb7 5. 0-0 d6 6. Nbd2 Nbd7 7. b3 Be7 8. Bb2 0-0 9. Qe2 c5 10. c3 Qc7 11. Rac1 a5 12. a4 d5 13. Rfe1 Bd6 14. c4 Rfe8 15. Rc2 Nb8 16. Rec1 Na6 17. Ba3 cxd4 18. Bxd6 Qxd6 19. exd4 Nb4 20. Rb2 Rac8 21. Bb1 dxc4 22. Rxc4 Ba6 23. Qe3 Bxc4 24. bxc4 Rc7 25. h3 Nd7 26. Ne1 e5 27. d5 Qc5 28. Qxc5 Nxc5 29. g4 e4 30. Rb3 Nxb3 31. Nxb3 Rxc4 32. Ng2 Nxd5 0-1

[Event "GER-chT U12"]
[Site "Magdeburg"]
[Date "2019.12.27"]
[Round "1.5"]
[White "Neuwirth, Mark"]
[Black "Vecera, Fabio"]
[Result "0-1"]
[WhiteElo "1314"]
[BlackElo "1529"]
[PlyCount "86"]
[EventDate "2019.12.27"]
[EventType "team-swiss"]
[EventRounds "7"]
[EventCountry "GER"]
[SourceTitle "CBM 194 Extra"]
[Source "ChessBase"]
[SourceDate "2020.03.31"]
[SourceVersion "1"]
[SourceVersionDate "2020.03.31"]
[SourceQuality "1"]
[WhiteTeam "Wolfratshausen"]
[BlackTeam "Leipzig Gruen Weiss"]
[WhiteTeamCountry "GER"]
[BlackTeamCountry "GER"]

1. e4 Nf6 2. Nc3 d5 3. exd5 Nxd5 4. Bc4 Nb6 5. Bb3 e6 6. d3 Nc6 7. Nf3 Be7 8. Bf4 0-0 9. 0-0 Na5 10. Re1 Nxb3 11. axb3 Nd7 12. Ne5 Nf6 13. Ne4 c5 14. Nxf6+ Bxf6 15. Rb1 Qe7 16. Nc4 Rd8 17. Be5 Bxe5 18. Rxe5 f6 19. Re4 e5 20. Qe2 Bf5 21. Re3 Rd4 22. c3 Rd5 23. f4 Qd7 24. fxe5 Bxd3 25. Rxd3 Rxd3 26. e6 Re8 27. Re1 Qd5 28. e7 b5 29. Na5 Rd2 30. Qg4 Kf7 31. c4 bxc4 32. bxc4 Qd4+ 33. Qxd4 Rxd4 34. Nc6 Rxc4 35. Nd8+ Kg6 36. Nb7 Rd4 37. Nd8 Rd7 38. Nc6 Rc7 39. Na5 Rexe7 40. Rxe7 Rxe7 41. Nc6 Re2 42. Nxa7 Rxb2 43. Nc6 c4 0-1